Eugenio Deschamps : (Registro nro. 7212)

Detalles MARC
000 -LIDER
fixed length control field 01291nam a2200337 a 4500
001 - NÚMERO DE CONTROL
Identificador de número de control 000000233
003 - IDENTIFICACDOR DE NÚMERO DE CONTROL
control field DO-SdBNP
005 - DATE AND TIME OF LATEST TRANSACTION
control field 20240304112901.0
007 - CAMPOS FIJOS DE DESCRIPCIÓN FÍSICA
fixed length control field 000000233
008 - ELEMENTOS DE LONGITUD FIJA
fixed length control field 081127s2006 dr a 001 0 spa d
020 ## - ISBN
International Standard Book Number 9993483427
035 ## - NÚMERO LOCAL
System control number (OCoLC)276524514
040 ## - FUENTE DE CATALOGACIÓN
Agencia que crea de manera original el registro BPMSU
Idioma de catalogación spa
Agencia que realiza la transcripción BPMSU
049 ## - LOCAL HOLDINGS (OCLC)
Holding library
Copy statement
092 ## - LOCALLY ASSIGNED DEWEY DECIMAL CALL NUMBER
Número de clasificación 923.27293
Número de ítem (Cutter) D446C, 2006
Número de edición 22
100 1# - ASIENTO PRINCIPAL -- NOMBRE PERSONAL
Nombre personal Cassá, Roberto,
Fechas asociadas con el nombre 1948-
245 10 - MENCIÓN DE TITULO
Título Eugenio Deschamps :
Subtítulo tribuno popular /
Mención de responsabilidad Roberto Cassá ; ilustraciones Ramiro Manzano.
250 ## - MENCIÓN DE EDICION
Mención de edición 2a ed.
260 ## - PUBLICACIÓN, DISTRIBUCIÓN, ETC. (PIE DE IMPRENTA)
Lugar de publicación, distribución, etc Santo Domingo :
Nombre del editor, distribuidor, etc. Tobogán ,
Fecha de publicación, distribución, etc 2006.
300 ## - DESCRIPCIÓN FÍSICA
Extensión 53 p. :
Otros detalles físicos il. ;
Dimensiones 21 cm.
490 0# - MENCIÓN DE SERIES
Mención de serie Biografías dominicanas Tobogán
504 ## - NOTA DE BIBLIOGRAFÍA, ETC.
Bibliography, etc Bibliografía : p. 53.
505 0# - NOTA DE CONTENIDO
Título Prócer de su generación --
-- El entorno de los gobiernos azules --
-- Las propuestas de sociedad --
-- Réprobo contra Heureaux --
-- Cenit del orador --
-- El funcionario del partido --
-- La postrera oposición a Estados Unidos --
-- Bibliografía.
590 ## - NOTA LOCAL
Texto de la nota local Inventariado, 2024/VM
600 14 - ENCABEZAMIENTO DE MATERIA--NOMBRE PERSONAL
Nombre personal Deschamps. Eugenio
Subdivisión cronológica 1861-1919
Subdivisión de forma Biografías
651 #4 - ENCABEZAMIENTO DE MATERIA--NOMBRE GEOGRÁFICO
Nombre geográfico República Domininicana
Subdivisión temática general Histria
651 #4 - ENCABEZAMIENTO DE MATERIA--NOMBRE GEOGRÁFICO
Nombre geográfico República Dominicana
Subdivisión temática general Política y gobierno
700 1# - ASIENTO SECUNDARIO -- NOMBRE PERSONAL
Nombre personal Manzano, Ramiro,
Mención de responsabilidad il.
910 ## - VALIDACIÓN
Validación VMateo V. / Validado. Control de calidad BNPHU
942 ## - ADDED ENTRY ELEMENTS (KOHA)
Source of classification or shelving scheme Dewey Decimal Classification
Koha item type Libros
Existencias
Withdrawn status Lost status Source of classification or shelving scheme Damaged status Not for loan Collection code Home library Current library Date acquired Total Checkouts Full call number Barcode Date last seen Price effective from Koha item type Copy number Shelving location
    Dewey Decimal Classification     Colección Dominicana Biblioteca Pública Metropolitana Salomé Ureña Biblioteca Pública Metropolitana Salomé Ureña 01/23/2015   BPMSU CD 923.27293 D446C 2006 BPMSU15040711 01/23/2015 01/23/2015 Libros    
    Dewey Decimal Classification     Colección Dominicana Biblioteca Pública Metropolitana Salomé Ureña Biblioteca Pública Metropolitana Salomé Ureña 01/23/2015     BPMSU15040712 01/23/2015 01/23/2015 Libros e. 2  
    Dewey Decimal Classification     Colección Dominicana Biblioteca Pública Metropolitana Salomé Ureña Biblioteca Pública Metropolitana Salomé Ureña 01/23/2015     BPMSU15040713 01/23/2015 01/23/2015 Libros e.3 Audio visual